重庆人口最多的10个县级行政区 10 most populous county-level regions in Chongqing - Statistics

General Stats
  • This quiz has been taken 77 times
  • The average score is 8 of 10
Answer Stats
人口 地市 县区 % Correct
156 重庆市 万州区
97%
352 重庆市 两江新区
93%
148 重庆市 沙坪坝区
87%
153 重庆市 九龙坡区
85%
120 重庆市 南岸区
78%
118 重庆市 巴南区
75%
136 重庆市 江津区
72%
120 重庆市 开州区
67%
115 重庆市 永川区
67%
125 重庆市 合川区
62%
No matching quizzes found
Score Distribution
Percent of People with Each Score
Percentile by Number Answered
Your Score History
You have not taken this quiz